[Event "Ambelokipi op 150th"]
[Site "Athens"]
[Date "2014.11.08"]
[Round "1"]
[White "Zaharopoulos, Dionisios"]
[Black "Tsiros, Fragkiskos Vlasios"]
[Result "0-1"]
[WhiteElo "1550"]
[BlackElo "2147"]
[PlyCount "56"]
[EventDate "2014.11.08"]
[EventType "swiss"]
[EventRounds "7"]
[EventCountry "GRE"]
[SourceTitle "EXT 2016"]
[Source "ChessBase"]
[SourceDate "2015.10.08"]
[SourceVersion "1"]
[SourceVersionDate "2015.10.08"]
[SourceQuality "1"]

1. Nf3 c5 2. g3 g6 3. c4 Bg7 4. Bg2 Nc6 5. 0-0 d6 6. a3 e6 7. Nc3 Nge7 8. e3 0-0 9. Rb1 b6 10. b4 Bb7 11. Na4 Qc7 12. Bb2 Bxb2 13. Rxb2 cxb4 14. axb4 a5 15. Nd4 axb4 16. Nb5 Qd8 17. Qb3 Ra5 18. Rc1 d5 19. d3 Ne5 20. Rd1 N7c6 21. f4 Nd7 22. Nd6 Ba8 23. cxd5 exd5 24. Bxd5 Rxd5 25. Qxd5 Nf6 26. Qa2 Qxd6 27. Nxb6 Bb7 28. e4 Qd4+ 0-1

[Event "Ambelokipi op 144th"]
[Site "Athens"]
[Date "2014.06.04"]
[Round "5"]
[White "Loupos, Vasilios"]
[Black "Zaharopoulos, Dionisios"]
[Result "1-0"]
[WhiteElo "2034"]
[BlackElo "1556"]
[PlyCount "55"]
[EventDate "2014.05.07"]
[EventType "swiss"]
[EventRounds "7"]
[EventCountry "GRE"]
[SourceTitle "EXT 2016"]
[Source "ChessBase"]
[SourceDate "2015.10.08"]
[SourceVersion "1"]
[SourceVersionDate "2015.10.08"]
[SourceQuality "1"]

1. d4 Nf6 2. c4 c5 3. d5 b5 4. a4 b4 5. Nd2 d6 6. e4 g6 7. b3 Bg7 8. Bb2 Nbd7 9. Ngf3 0-0 10. Be2 e5 11. dxe6 fxe6 12. 0-0 Bb7 13. Qc2 Qe7 14. Rfe1 Rad8 15. Bf1 Ne5 16. Nxe5 dxe5 17. Nf3 Nxe4 18. Rxe4 Bxe4 19. Qxe4 Rf4 20. Qe3 g5 21. Bxe5 Bxe5 22. Qxe5 Rf5 23. Qe4 Qf6 24. Re1 e5 25. Bd3 Rxd3 26. Qxd3 g4 27. Qd5+ Kg7 28. Nxe5 1-0

[Event "Ambelokipi op 144th"]
[Site "Athens"]
[Date "2014.05.28"]
[Round "4"]
[White "Zaharopoulos, Dionisios"]
[Black "Grafakou, Sotiria Aphrodite"]
[Result "1/2-1/2"]
[WhiteElo "1556"]
[BlackElo "1413"]
[PlyCount "51"]
[EventDate "2014.05.07"]
[EventType "swiss"]
[EventRounds "7"]
[EventCountry "GRE"]
[SourceTitle "EXT 2016"]
[Source "ChessBase"]
[SourceDate "2015.10.08"]
[SourceVersion "1"]
[SourceVersionDate "2015.10.08"]
[SourceQuality "1"]

1. c4 Nf6 2. Nc3 g6 3. g3 Bg7 4. Bg2 d6 5. e3 c5 6. Nge2 Nc6 7. a3 0-0 8. Rb1 Bf5 9. d3 Bd7 10. b4 cxb4 11. axb4 Rb8 12. 0-0 Qb6 13. Nf4 e6 14. d4 Ne7 15. b5 Qc7 16. Ba3 Rfe8 17. Qb3 Rbc8 18. c5 d5 19. Rfc1 a6 20. Bf1 axb5 21. Bxb5 Nc6 22. Bxc6 bxc6 23. Qb6 Qb8 24. Nd3 Bf8 25. Ne5 Qxb6 26. Rxb6 1/2-1/2

[Event "Ambelokipi op 144th"]
[Site "Athens"]
[Date "2014.05.07"]
[Round "1"]
[White "Sienczewski, Zbigniew"]
[Black "Zaharopoulos, Dionisios"]
[Result "1-0"]
[WhiteElo "2071"]
[BlackElo "1556"]
[PlyCount "48"]
[EventDate "2014.05.07"]
[EventType "swiss"]
[EventRounds "7"]
[EventCountry "GRE"]
[SourceTitle "EXT 2016"]
[Source "ChessBase"]
[SourceDate "2015.10.08"]
[SourceVersion "1"]
[SourceVersionDate "2015.10.08"]
[SourceQuality "1"]

1. Nf3 Nf6 2. g3 d6 3. Bg2 g6 4. 0-0 Bg7 5. c4 0-0 6. Nc3 e5 7. d3 c6 8. Rb1 Ne8 9. b4 f5 10. Bg5 Qc7 11. Qd2 Nd7 12. Bh6 f4 13. Bxg7 Nxg7 14. b5 h6 15. bxc6 bxc6 16. Ne4 d5 17. cxd5 cxd5 18. Rfc1 Qd8 19. Nc3 e4 20. dxe4 dxe4 21. Qd5+ Kh7 22. Qxa8 exf3 23. Bxf3 Qg5 24. Ne4 Qe7 1-0

[Event "Nikaia op 17th"]
[Site "Nikaia"]
[Date "2009.08.22"]
[Round "1"]
[White "Zaharopoulos, Dionisios"]
[Black "Okara, Andrey"]
[Result "0-1"]
[WhiteElo "1553"]
[BlackElo "2389"]
[PlyCount "48"]
[EventDate "2009.08.22"]
[EventType "swiss"]
[EventRounds "9"]
[EventCountry "GRE"]
[SourceTitle "CBM 132 Extra"]
[Source "ChessBase"]
[SourceDate "2009.11.03"]
[SourceVersion "1"]
[SourceVersionDate "2009.11.03"]
[SourceQuality "1"]

1. c4 e5 2. Nc3 Nc6 3. g3 g6 4. Bg2 Bg7 5. e3 d6 6. Nge2 Nf6 7. 0-0 0-0 8. d4 Bg4 9. Qd2 Qd7 10. f4 exd4 11. Nxd4 Bh3 12. Rd1 Nxd4 13. exd4 Bxg2 14. Qxg2 c6 15. d5 Rfe8 16. Bd2 Ng4 17. Re1 Bd4+ 18. Kf1 Qf5 19. Ne4 Nxh2+ 20. Qxh2 Rxe4 21. Rxe4 Qxe4 22. Qg2 Qd3+ 23. Qe2 Qxg3 24. dxc6 Qg1# 0-1

[Event "Ambelokipi op 85th"]
[Site "Athens"]
[Date "2008.03.11"]
[Round "1"]
[White "Sigouros, Ioannis"]
[Black "Zaharopoulos, Dionisios"]
[Result "1-0"]
[WhiteElo "2082"]
[BlackElo "1525"]
[PlyCount "63"]
[EventDate "2008.03.11"]
[EventType "swiss"]
[EventRounds "7"]
[EventCountry "GRE"]
[SourceTitle "EXT 2010"]
[Source "ChessBase"]
[SourceDate "2010.11.25"]
[SourceVersion "1"]
[SourceVersionDate "2010.11.25"]
[SourceQuality "1"]

1. e4 c6 2. d4 d5 3. e5 Bf5 4. Bd3 Bxd3 5. Qxd3 e6 6. Nf3 Ne7 7. Nc3 Nf5 8. Ne2 Nd7 9. Bd2 c5 10. c3 f6 11. g4 fxe5 12. gxf5 e4 13. Qe3 exf3 14. Qxf3 Qf6 15. Qh5+ g6 16. fxg6 Qxg6 17. Qh3 e5 18. Rg1 Qb6 19. dxe5 Qxb2 20. Qe6+ Kd8 21. Bg5+ Kc7 22. Rc1 Qxa2 23. Qf7 Kc8 24. e6 Ne5 25. Qf5 Bd6 26. Bf6 Rf8 27. e7+ Kc7 28. exf8Q Rxf8 29. Qxh7+ Rf7 30. Rg7 Nf3+ 31. Kf1 Nxh2+ 32. Kg2 1-0